Comic art now / (Record no. 50007)
[ view plain ]
| 000 -LEADER | |
|---|---|
| fixed length control field | 00851nam a2200241 a 4500 |
| 001 - CONTROL NUMBER | |
| control field | vtls003214809 |
| 003 - CONTROL NUMBER IDENTIFIER | |
| control field | MY-SjTCS |
| 005 - DATE AND TIME OF LATEST TRANSACTION | |
| control field | 20200306164452.0 |
| 008 - FIXED-LENGTH DATA ELEMENTS--GENERAL INFORMATION | |
| fixed length control field | 110218s2008 si a 000 c eng |
| 020 ## - INTERNATIONAL STANDARD BOOK NUMBER | |
| International Standard Book Number | 9789812456137 (hbk.) |
| 020 ## - INTERNATIONAL STANDARD BOOK NUMBER | |
| International Standard Book Number | 9812456139 (hbk.) |
| 039 #9 - LEVEL OF BIBLIOGRAPHIC CONTROL AND CODING DETAIL [OBSOLETE] | |
| Level of rules in bibliographic description | 201103221229 |
| Level of effort used to assign nonsubject heading access points | wilmina |
| Level of effort used to assign subject headings | 201103141652 |
| Level of effort used to assign classification | izani |
| Level of effort used to assign subject headings | 201102181818 |
| Level of effort used to assign classification | VLOAD |
| -- | 201012170942 |
| -- | malathy |
| 082 04 - DEWEY DECIMAL CLASSIFICATION NUMBER | |
| Classification number | 741.5 |
| Item number | SKI 2008 |
| 100 1# - MAIN ENTRY--PERSONAL NAME | |
| Personal name | Skinn, Dez. |
| 9 (RLIN) | 51006 |
| 245 10 - TITLE STATEMENT | |
| Title | Comic art now / |
| Statement of responsibility, etc. | author Dez Skinn ; foreword by Mark Millar. |
| 260 ## - PUBLICATION, DISTRIBUTION, ETC. | |
| Place of publication, distribution, etc. | Singapore : |
| Name of publisher, distributor, etc. | Page One, |
| Date of publication, distribution, etc. | c2008. |
| 300 ## - PHYSICAL DESCRIPTION | |
| Extent | 192 p. : |
| Other physical details | chiefly ill. (chiefly col.) ; |
| Dimensions | 26 cm. |
| 500 ## - GENERAL NOTE | |
| General note | First published in 2008 by ILEX. |
| 650 #0 - SUBJECT ADDED ENTRY--TOPICAL TERM | |
| Topical term or geographic name entry element | Comic books, strips, etc. |
| 9 (RLIN) | 213030 |
| 650 #0 - SUBJECT ADDED ENTRY--TOPICAL TERM | |
| Topical term or geographic name entry element | Comic books, strips, etc. |
| General subdivision | History and criticism. |
| 9 (RLIN) | 42441 |
| 700 1# - ADDED ENTRY--PERSONAL NAME | |
| Personal name | Millar, Mark. |
| 9 (RLIN) | 51007 |
| 920 ## - Programme | |
| Programme | SHT : 158120 |
| Withdrawn status | Lost status | Source of classification or shelving scheme | Damaged status | Not for loan | Home library | Current library | Date acquired | Cost, normal purchase price | Total Checkouts | Barcode | Date last seen | Date last checked out | Copy number | Uniform Resource Identifier | Cost, replacement price | Koha item type | Public note |
|---|---|---|---|---|---|---|---|---|---|---|---|---|---|---|---|---|---|
| Dewey Decimal Classification | Taylor's Library-TU | Taylor's Library-TU | 29/12/2010 | 82.41 | 20 | 5000110742 | 05/12/2019 | 27/05/2015 | 1 | Floor 4, Shelf 32 , Side 1, TierNo 5, BayNo 2 | 82.41 | Main Collection | SHTEx,70002,02,GR |